Is GDP a good measure of people’s well-being? Evidence from BRICS nations. (Record no. 527531)

000 -LEADER
fixed length control field 00826nam a22001457a 4500
008 - FIXED-LENGTH DATA ELEMENTS--GENERAL INFORMATION
fixed length control field 240903b ||||| |||| 00| 0 eng d
100 ## - MAIN ENTRY--PERSONAL NAME
Personal name Kumar, Neeraj and Varman, P. Mahendra
245 ## - TITLE STATEMENT
Title Is GDP a good measure of people’s well-being? Evidence from BRICS nations.
260 ## - PUBLICATION, DISTRIBUTION, ETC. (IMPRINT)
Place of publication, distribution, etc Madhya Pradesh Journal of Social Sciences
300 ## - PHYSICAL DESCRIPTION
Extent 28(1), Jun, 2023: p.15-31
520 ## - SUMMARY, ETC.
Summary, etc In economics, income is always considered a significant factor that is needed to maximize the well-being of the people. The belfries of ecomdists that an incrse in income increases the subjective well-being of the people are questioned by Easterlin in his seminal work which is also called as Easerin paradox. – Reproduced
773 ## - HOST ITEM ENTRY
Main entry heading Madhya Pradesh Journal of Social Sciences
906 ## - LOCAL DATA ELEMENT F, LDF (RLIN)
Subject DIP ECONOMIC DEVELOPMENT
942 ## - ADDED ENTRY ELEMENTS (KOHA)
Item type Articles
Holdings
Withdrawn status Lost status Source of classification or shelving scheme Damaged status Not for loan Permanent location Current location Date acquired Serial Enumeration / chronology Barcode Date last seen Koha item type
          Indian Institute of Public Administration Indian Institute of Public Administration 2024-09-03 28(1), Jun, 2023: p.15-31 AR132972 2024-09-03 Articles

Powered by Koha